| 000 | 00357nam a22001577a 4500 | ||
|---|---|---|---|
| 003 | SGT | ||
| 020 | _a9789357786744 | ||
| 082 |
_a632.6 _bRUS |
||
| 100 | _aRUSTAGI, DR. R.P. | ||
| 245 | _aFUNDAMENTALS OF FINANCIAL MANAGEMENT | ||
| 250 | _a19TH | ||
| 260 |
_aINDIA _bTAXMAN PUB. |
||
| 300 | _a2024 | ||
| 650 | _aFINANCIAL MANAGEMENT | ||
| 942 |
_2ddc _cBK |
||
| 999 |
_c29467 _d29467 |
||